00539nam a2200157Ia 4500003000500000005001700005008004100022020001800063050002500081100001900106245007300125250001800198260005100216300004100267500007300308PILC20160216073442.0140626s9999 xx 000 0 und d a9780071086288 aBF 76.5b.C67 2012  aCozby, Paul C. aMethods in behavioral research /cPaul C. Cozby & Scott C. Bates a11th edition. aBoston :bMcGraw-Hill Higher Education,c2012. a416 pages :billustrations ;c23 cm. aIncludes appendices, bibliographical references, glossary and index.